La economía chilena: un enfoque marxista

Bewaard in:
Bibliografische gegevens
Hoofdauteur: Cademártori, José (Auteur)
Formaat: Boek
Taal:Spaans
Gepubliceerd in: Santiago Universitaria 1971
Editie:2a. ed
Reeks:Colección Imagen de Chile
Onderwerpen:
Tags: Voeg label toe
Geen labels, Wees de eerste die dit record labelt!

MARC

LEADER 00000nam a2200000 a 4500
001 UCO0201
003 CL-VaPUC
008 000420e19710000CL |||||||||||||||||spa|d
082 0 4 |a 330.983  |b CAD  |2 21 
100 0 |a Cademártori, José  |e author  |9 441308 
245 1 3 |a La economía chilena: un enfoque marxista 
250 |a 2a. ed 
300 |a 293 p 
942 |c BK 
945 |d 20000420 00:00:00  |a crobeson 
260 |a Santiago  |b Universitaria  |c 1971 
650 7 |a ECONOMIA CHILENA  |2 CL-VaPUC  |9 410148 
650 0 |a Condiciones económicas  |9 258255 
650 7 |a MARXISMO  |2 CL-VaPUC  |9 441309 
650 0 |a Economía marxista  |9 311435 
583 |a last modification  |c 20000420 00:00:00  |k Rodrigo Vera 
490 0 |a Colección Imagen de Chile 
999 |c 286917  |d 286915 
952 |0 0  |1 0  |4 0  |6 330_983000000000000_CAD_1971  |7 0  |8 A  |9 333186  |a BIBHIS  |b BIBHIS  |d 2019-11-20  |i 1399497  |o 330.983 CAD 1971  |p 1399497  |r 2025-01-20  |w 2019-11-20  |y BK  |k HIS